Poorest Countries In Europe - Statistics

General Stats
  • This quiz has been taken 216 times
  • The average score is 9 of 10
Answer Stats
GDP Per Capita Country % Correct
$4,537 Albania
95%
$5,674 Bosnia and Herzegovina
92%
$3,893 Kosovo
92%
$2,289 Moldova
92%
$2,639 Ukraine
92%
$5,442 North Macedonia
91%
$5,900 Serbia
91%
$8,031 Bulgaria
90%
$7,669 Montenegro
85%
$6,283 Belarus
79%
No matching quizzes found
Score Distribution
Percent of People with Each Score
Percentile by Number Answered
Your Score History
You have not taken this quiz